| 000 | 01238nam a2200241Ia 4500 | ||
|---|---|---|---|
| 999 |
_c50985 _d50985 |
||
| 001 | 17942 | ||
| 003 | GE_BSU | ||
| 005 | 20200302110034.0 | ||
| 008 | 181216s1986 xx |||||||||||||| ||geo|| | ||
| 040 | _cGE_BSU | ||
| 041 | _ageo | ||
| 080 | _a81(479.22)(092) კ-52 | ||
| 100 |
_aკინწურაშვილი კ. _97666 |
||
| 245 |
_aპეტერბურგელი ქართველოლოგები დავით ჩუბინაშვილი, ალექსანდრე ცაგარელი / _cკ. კინწურაშვილი ; რედ.მ. ქავთარია. |
||
| 264 |
_aთბილისი : _bგანათლება, _c1986. |
||
| 300 |
_a245 გვ. ; _c21 სმ. |
||
| 504 | _aბიბლიოგრ. ტექსტის შენიშვნ | ||
| 541 | _h1ლ.? | ||
| 653 | _aპეტერბურგელი ქართველოლოგები დავით ჩუბინაშვილი, ალექსანდრე ცაგარელი | ||
| 653 | _aქართველი ენათმეცნიერები; | ||
| 700 |
_aქავთარია, მ. _eრედაქტორი _91179 |
||
| 942 |
_cBK _2udc |
||